000
00413nam a2200133Ia 4500
008
100328s9999 xx 000 0 und d
082
_b
7308
100
_a
भिडे रामकृष्ण गोपाळ
245
_a
निकोलाय लेनिने
260
_b
---
630
_a
निकोलाय लेनिने
730
_a
निकोलाय लेनिने
942
_c
BOOK
999
_c
503140
_d
503137